| 000 | 01365cam a22003254a 4500 | ||
|---|---|---|---|
| 001 | 13804896 | ||
| 005 | 20250512090437.0 | ||
| 008 | 041203s2005 inu 001 0 eng | ||
| 010 | _a 2004028735 | ||
| 020 | _a0764584685 (cloth) | ||
| 040 |
_aDLC _cDLC _dDLC |
||
| 042 | _apcc | ||
| 050 | 0 | 0 |
_aUB250 _b.W55 2005 |
| 082 | 0 | 0 |
_a658.472 _bWIN |
| 100 | 1 |
_aWinkler, Ira. _9128889 |
|
| 245 | 1 | 0 |
_aSpies among us : _bhow to stop the spies, terrorists, hackers, and criminals you don't even know you encounter every day / _cIra Winkler. |
| 260 |
_aIndianapolis, IN : _bWiley Pub., _cc2005. |
||
| 300 |
_axix, 326 p. ; _c24 cm. |
||
| 500 | _aIncludes index. | ||
| 650 | 0 |
_aEspionage. _926376 |
|
| 650 | 0 |
_aBusiness intelligence. _9128890 |
|
| 650 | 0 |
_aComputer crimes _xPrevention. _994102 |
|
| 650 | 0 |
_aTerrorism _xPrevention. _93117 |
|
| 856 | 4 | 1 |
_3Table of contents only _uhttp://www.loc.gov/catdir/toc/ecip054/2004028735.html |
| 856 | 4 | 2 |
_3Contributor biographical information _uhttp://www.loc.gov/catdir/enhancements/fy0617/2004028735-b.html |
| 856 | 4 | 2 |
_3Publisher description _uhttp://www.loc.gov/catdir/enhancements/fy0617/2004028735-d.html |
| 906 |
_a7 _bcbc _corignew _d1 _eecip _f20 _gy-gencatlg |
||
| 942 |
_2ddc _cBK |
||
| 999 |
_c613693 _d613693 |
||